[Event "George Trundle IM"]
[Site "Auckland"]
[Date "2019.01.12"]
[Round "9"]
[White "Watson, Bruce R"]
[Black "Smith, Robert Wayne"]
[Result "1/2-1/2"]
[WhiteElo "2278"]
[BlackElo "2233"]
[PlyCount "59"]
[EventDate "2019.01.04"]
[EventType "tourn"]
[EventRounds "9"]
[EventCountry "NZL"]
[EventCategory "4"]
[SourceTitle "CBM 188 Extra"]
[Source "ChessBase"]
[SourceDate "2019.02.26"]
[SourceVersion "1"]
[SourceVersionDate "2019.02.26"]
[SourceQuality "1"]

1. c4 c5 2. Nf3 g6 3. d4 cxd4 4. Nxd4 Nc6 5. e4 Nf6 6. Nc3 d6 7. Be2 Nxd4 8. Qxd4 Bg7 9. Be3 0-0 10. Qd2 Qa5 11. f3 Be6 12. Nd5 Qxd2+ 13. Kxd2 Nxd5 14. exd5 Bd7 15. Rab1 Rfc8 16. b3 a6 17. Rhc1 b5 18. a3 Kf8 19. b4 e6 20. dxe6 fxe6 21. cxb5 axb5 22. Rxc8+ Rxc8 23. Rc1 Rxc1 24. Kxc1 Bc6 25. Kc2 Ke7 26. Kb3 Bd5+ 27. Kc2 Bc6 28. Kb3 Bd5+ 29. Kc2 Bc6 30. Kb3 1/2-1/2

[Event "George Trundle IM"]
[Site "Auckland"]
[Date "2019.01.07"]
[Round "4"]
[White "Watson, Bruce R"]
[Black "Papin, Vasily"]
[Result "1/2-1/2"]
[WhiteElo "2278"]
[BlackElo "2491"]
[PlyCount "65"]
[EventDate "2019.01.04"]
[EventType "tourn"]
[EventRounds "9"]
[EventCountry "NZL"]
[EventCategory "4"]
[SourceTitle "CBM 188 Extra"]
[Source "ChessBase"]
[SourceDate "2019.02.26"]
[SourceVersion "1"]
[SourceVersionDate "2019.02.26"]
[SourceQuality "1"]

1. c4 e6 2. Nf3 d5 3. g3 dxc4 4. Qa4+ Nd7 5. Qxc4 a6 6. Bg2 b5 7. Qc2 Bb7 8. 0-0 Ngf6 9. a4 c5 10. axb5 axb5 11. Rxa8 Qxa8 12. Nc3 b4 13. Nd1 Ne5 14. Ne1 Bxg2 15. Nxg2 Nc6 16. Nde3 Be7 17. d3 0-0 18. Nc4 Nd4 19. Qd1 Qa1 20. Re1 Ra8 21. Kf1 Nd7 22. Be3 Qxd1 23. Rxd1 Nb3 24. Ne1 Bf6 25. Nf3 Ra2 26. Rb1 h5 27. h3 Kf8 28. Ke1 Ke7 29. Nfd2 Nxd2 30. Kxd2 Kd8 31. Kc2 Kc7 32. Kb3 Ra6 33. f3 1/2-1/2

[Event "George Trundle IM"]
[Site "Auckland"]
[Date "2019.01.05"]
[Round "2"]
[White "Watson, Bruce R"]
[Black "Hague, Ben"]
[Result "1/2-1/2"]
[WhiteElo "2278"]
[BlackElo "2411"]
[PlyCount "57"]
[EventDate "2019.01.04"]
[EventType "tourn"]
[EventRounds "9"]
[EventCountry "NZL"]
[EventCategory "4"]
[SourceTitle "CBM 188 Extra"]
[Source "ChessBase"]
[SourceDate "2019.02.26"]
[SourceVersion "1"]
[SourceVersionDate "2019.02.26"]
[SourceQuality "1"]

1. c4 e5 2. Nc3 Nf6 3. Nf3 Nc6 4. g3 Bb4 5. Bg2 0-0 6. 0-0 e4 7. Ng5 Bxc3 8. bxc3 Re8 9. f3 e3 10. dxe3 Qe7 11. Nh3 Qc5 12. Nf4 Qxc4 13. Qd3 Ne5 14. Qxc4 Nxc4 15. e4 b6 16. Rd1 a5 17. h4 h6 18. g4 d6 19. g5 hxg5 20. hxg5 Nd7 21. Nd5 Ra7 22. Bh3 Kf8 23. Bxd7 Bxd7 24. Kf2 Bc6 25. Ne3 Nxe3 26. Bxe3 Ke7 27. Bd4 g6 28. Rh1 Bb5 29. a3 1/2-1/2

[Event "Asia-ch Seniors 50 8th"]
[Site "Auckland"]
[Date "2017.10.12"]
[Round "6"]
[White "Watson, Bruce R"]
[Black "Smith, Robert Wayne"]
[Result "1-0"]
[WhiteElo "2275"]
[BlackElo "2223"]
[PlyCount "101"]
[EventDate "2017.10.09"]
[EventType "swiss"]
[EventRounds "9"]
[EventCountry "NZL"]
[SourceTitle "CBM 181 Extra"]
[Source "ChessBase"]
[SourceDate "2017.12.12"]
[SourceVersion "1"]
[SourceVersionDate "2017.12.12"]
[SourceQuality "1"]

1. c4 Nf6 2. Nc3 d6 3. g3 g6 4. Bg2 Bg7 5. e4 0-0 6. Nge2 c5 7. 0-0 Nc6 8. d3 a6 9. a3 Ne8 10. Be3 Nc7 11. d4 cxd4 12. Nxd4 Ne5 13. b3 Ng4 14. Bc1 Ne6 15. Qxg4 Nxd4 16. Qd1 Nb5 17. cxb5 Bxc3 18. Bh6 Re8 19. Rc1 Bb2 20. Rb1 Bh8 21. bxa6 Rxa6 22. a4 Bd7 23. Bd2 b6 24. Qe2 Ra7 25. Rfc1 Qb8 26. Be3 h5 27. h4 Bf6 28. Qd2 e6 29. Qb4 Bd8 30. Bf1 d5 31. exd5 exd5 32. Bf4 Qa8 33. Bg2 Bf5 34. Qb5 Rd7 35. Rd1 Qa5 36. Qxa5 bxa5 37. Rbc1 Be6 38. Rc5 Ra7 39. Bxd5 Be7 40. Rb5 Rd8 41. Bf3 Rxd1+ 42. Bxd1 Rd7 43. Be2 Bb4 44. Bc4 Rd1+ 45. Kg2 Bd7 46. Rb8+ Kg7 47. Be5+ f6 48. Rg8+ Kh7 49. Bxf6 Bc6+ 50. f3 g5 51. Rg7+ 1-0

[Event "Asia-ch Seniors 50 8th"]
[Site "Auckland"]
[Date "2017.10.10"]
[Round "3"]
[White "Bagamasbad, Efren"]
[Black "Watson, Bruce R"]
[Result "0-1"]
[WhiteElo "2082"]
[BlackElo "2275"]
[PlyCount "140"]
[EventDate "2017.10.09"]
[EventType "swiss"]
[EventRounds "9"]
[EventCountry "NZL"]
[SourceTitle "CBM 181 Extra"]
[Source "ChessBase"]
[SourceDate "2017.12.12"]
[SourceVersion "1"]
[SourceVersionDate "2017.12.12"]
[SourceQuality "1"]

1. c4 e5 2. Nc3 Nf6 3. Nf3 Nc6 4. e3 Bb4 5. Qc2 Bxc3 6. Qxc3 Qe7 7. d4 exd4 8. Nxd4 Nxd4 9. Qxd4 0-0 10. Be2 c5 11. Qd1 d5 12. cxd5 Rd8 13. Qc2 Rxd5 14. f3 Bf5 15. Qb3 Rad8 16. 0-0 Bd3 17. Bxd3 Rxd3 18. Qc2 Qd6 19. e4 h6 20. Qf2 b5 21. Re1 Qe5 22. Be3 c4 23. Rac1 a6 24. Rc2 R8d7 25. Qg3 Qe6 26. a3 Kh7 27. Qb8 Rd8 28. Qb6 R8d6 29. Qc5 Nd7 30. Qb4 Ne5 31. Bf4 Rd7 32. Qa5 f6 33. Rce2 Qc6 34. Bxe5 fxe5 35. h3 Qc5+ 36. Kh2 R7d6 37. a4 c3 38. bxc3 Rxc3 39. axb5 axb5 40. Rb2 Rb6 41. Reb1 Qe3 42. Rxb5 Rg6 43. Qa2 Qf4+ 44. Kh1 Rxf3 45. Rg1 Rf2 46. Qc4 Rg3 47. Rb3 Rxb3 48. Qxb3 Qxe4 49. Qg3 Qf5 50. Kh2 e4 51. Re1 Rf4 52. Qe3 h5 53. g3 Rf2+ 54. Kg1 Rf3 55. Qxe4 Rxg3+ 56. Kh2 Rxh3+ 57. Kg2 Qxe4+ 58. Rxe4 Ra3 59. Re6 g6 60. Re7+ Kh6 61. Re5 h4 62. Rb5 g5 63. Rb6+ Kh5 64. Rb4 Ra2+ 65. Kh1 h3 66. Rc4 g4 67. Rb4 Rd2 68. Ra4 g3 69. Ra1 Kg4 70. Rb1 Kf3 0-1

[Event "Auckland Summer Cup-A"]
[Site "Auckland"]
[Date "2017.03.27"]
[Round "7"]
[White "Ang, Alphaeus Wei Ern"]
[Black "Watson, Bruce R"]
[Result "0-1"]
[WhiteElo "2049"]
[BlackElo "2275"]
[PlyCount "74"]
[EventDate "2017.02.13"]
[EventType "tourn"]
[EventRounds "7"]
[EventCountry "NZL"]
[SourceTitle "EXT 2018"]
[Source "ChessBase"]
[SourceDate "2017.10.13"]
[SourceVersion "1"]
[SourceVersionDate "2017.10.13"]
[SourceQuality "1"]

1. d4 Nf6 2. c4 e6 3. Nc3 Bb4 4. e3 0-0 5. Bd3 c5 6. Nf3 d5 7. 0-0 Nc6 8. cxd5 exd5 9. a3 Bxc3 10. bxc3 c4 11. Bb1 Bg4 12. h3 Bh5 13. g4 Bg6 14. Nd2 Re8 15. Re1 b5 16. Bxg6 hxg6 17. f3 a5 18. e4 dxe4 19. Nxe4 Qd5 20. Nxf6+ gxf6 21. Kg2 b4 22. axb4 axb4 23. Bb2 b3 24. Qc1 Kg7 25. Rxa8 Rxa8 26. Re2 Ra2 27. Kf2 Qd6 28. Kg2 Ne7 29. f4 Nd5 30. Rf2 Nxf4+ 31. Qxf4 Qxf4 32. Rxf4 Rxb2+ 33. Kg3 Rc2 34. Rf1 b2 35. Rb1 Rxc3+ 36. Kh4 g5+ 37. Kh5 Rxh3# 0-1

[Event "Auckland Summer Cup-A"]
[Site "Auckland"]
[Date "2017.03.06"]
[Round "4"]
[White "Watson, Bruce R"]
[Black "Duneas, John"]
[Result "1-0"]
[WhiteElo "2275"]
[BlackElo "2020"]
[PlyCount "113"]
[EventDate "2017.02.13"]
[EventType "tourn"]
[EventRounds "7"]
[EventCountry "NZL"]
[SourceTitle "EXT 2018"]
[Source "ChessBase"]
[SourceDate "2017.10.13"]
[SourceVersion "1"]
[SourceVersionDate "2017.10.13"]
[SourceQuality "1"]

1. c4 Nf6 2. Nc3 e5 3. Nf3 Nc6 4. e3 d5 5. cxd5 Nxd5 6. Bb5 Nxc3 7. bxc3 Bd6 8. d4 exd4 9. cxd4 0-0 10. 0-0 Bg4 11. h3 Bh5 12. Bb2 a6 13. Be2 Qe7 14. Qb3 b5 15. Qd5 Bxf3 16. Bxf3 Na5 17. Rad1 Rad8 18. Qh5 Nc4 19. Ba1 Bb4 20. Kh1 Nd2 21. Rg1 Rd6 22. d5 f5 23. Rxd2 Bxd2 24. Rd1 Ba5 25. Be2 Rh6 26. Qf3 Qe4 27. Qxe4 fxe4 28. f4 Bb6 29. Be5 Rf7 30. Bg4 Re7 31. Be6+ Kf8 32. f5 Bc5 33. Bf4 Rh5 34. Kh2 g5 35. Be5 Bd6 36. Bxd6 cxd6 37. Rc1 Kg7 38. g4 Rh4 39. Rc6 Kf6 40. Rxd6 h5 41. gxh5 Rxh5 42. Rxa6 Ke5 43. f6 Reh7 44. f7 Rh8 45. Bg4 R5h7 46. Re6+ Kxd5 47. Re8 Rxf7 48. Rxh8 Rf2+ 49. Kg3 Rxa2 50. Rg8 b4 51. Rxg5+ Kc6 52. Bf5 Ra3 53. Bxe4+ Kb6 54. Kf4 b3 55. h4 b2 56. Rg1 Ra1 57. Rb1 1-0

[Event "Auckland Summer Cup-A"]
[Site "Auckland"]
[Date "2017.02.20"]
[Round "2"]
[White "Kulashko, Aleksei"]
[Black "Watson, Bruce R"]
[Result "1-0"]
[WhiteElo "2341"]
[BlackElo "2275"]
[PlyCount "125"]
[EventDate "2017.02.13"]
[EventType "tourn"]
[EventRounds "7"]
[EventCountry "NZL"]
[SourceTitle "EXT 2018"]
[Source "ChessBase"]
[SourceDate "2017.10.13"]
[SourceVersion "1"]
[SourceVersionDate "2017.10.13"]
[SourceQuality "1"]

1. d4 Nf6 2. Nf3 d6 3. Nc3 g6 4. e4 Bg7 5. h3 0-0 6. Be3 e5 7. dxe5 dxe5 8. Qxd8 Rxd8 9. Bc4 Be6 10. Bxe6 fxe6 11. Ng5 Re8 12. 0-0-0 Nc6 13. Nf3 a6 14. Bg5 Rad8 15. Rxd8 Rxd8 16. Rd1 Rxd1+ 17. Kxd1 Kf7 18. Bxf6 Kxf6 19. Ne2 Bf8 20. Nc1 Nd4 21. Ne1 c5 22. c4 h5 23. Ncd3 b6 24. Nc2 Bd6 25. Kd2 Bf8 26. Na3 Bh6+ 27. Kd1 Bf8 28. Nb1 Bd6 29. Nc3 Ke7 30. Na4 Bc7 31. Nc3 Kd6 32. Ne2 Kc6 33. Nxd4+ exd4 34. e5 Kd7 35. Ke2 Ke7 36. Kf3 Kf7 37. Ke4 Bd8 38. b4 Be7 39. bxc5 bxc5 40. g3 g5 41. g4 hxg4 42. hxg4 Bf8 43. Kf3 Ke8 44. Ke2 Kd7 45. Kd1 Kc6 46. Ne1 Bg7 47. Nf3 Bh6 48. Kc2 Kb6 49. Kd3 Ka5 50. Nd2 Bf8 51. Ne4 Be7 52. f4 gxf4 53. g5 f3 54. g6 Bf8 55. Ng5 f2 56. Ke2 Bg7 57. Nxe6 Bxe5 58. Nxc5 Bh8 59. Nd3 Kb6 60. Kxf2 Kc6 61. Kf3 Kd6 62. Ke4 Bf6 63. Nf4 1-0

[Event "Auckland CC-chA"]
[Site "Auckland"]
[Date "2016.08.01"]
[Round "6"]
[White "Kulashko, Aleksei"]
[Black "Watson, Bruce R"]
[Result "0-1"]
[WhiteElo "2350"]
[BlackElo "2237"]
[PlyCount "162"]
[EventDate "2016.06.27"]
[EventType "tourn"]
[EventRounds "9"]
[EventCountry "NZL"]
[SourceTitle "EXT 2018"]
[Source "ChessBase"]
[SourceDate "2017.10.13"]
[SourceVersion "1"]
[SourceVersionDate "2017.10.13"]
[SourceQuality "1"]

1. e4 c5 2. Nf3 d6 3. Bb5+ Nd7 4. d4 cxd4 5. Qxd4 e5 6. Qd3 Be7 7. Nc3 Ngf6 8. Bg5 0-0 9. Bxd7 Bxd7 10. Bxf6 Bxf6 11. Qxd6 Be7 12. Qd3 Be6 13. Qxd8 Rfxd8 14. a3 f6 15. 0-0 Rac8 16. Rfc1 Kf7 17. Kf1 a6 18. Ke1 b5 19. Rd1 Rxd1+ 20. Kxd1 Bc5 21. Kd2 Bxf2 22. Nxe5+ Ke7 23. Nd3 Bd4 24. Ne2 Bb6 25. Nef4 Rc4 26. Re1 Ba5+ 27. c3 Bc7 28. Nxe6 Kxe6 29. b3 Rc6 30. Nb4 Bf4+ 31. Kd3 Rd6+ 32. Nd5 Bxh2 33. Rh1 f5 34. c4 bxc4+ 35. bxc4 fxe4+ 36. Kxe4 Be5 37. Rxh7 Rc6 38. Kd3 Rc8 39. Rh3 Rb8 40. Re3 Rb2 41. g4 Rb3+ 42. Ke4 Rxe3+ 43. Nxe3 Bb2 44. a4 Kd6 45. Nd5 Kc5 46. Kd3 a5 47. g5 Ba1 48. Ne3 Be5 49. Nd5 Bb2 50. g6 Ba1 51. Ne3 Be5 52. Nd5 Ba1 53. Nc7 Kb4 54. Na6+ Kxa4 55. Ke4 Bf6 56. Kd5 Kb3 57. c5 Kc3 58. c6 Bd8 59. Nc5 Kb4 60. Kd6 Bb6 61. Nd7 Bd8 62. Nc5 Bb6 63. Na6+ Kc4 64. c7 Bxc7+ 65. Nxc7 a4 66. Nd5 a3 67. Ne3+ Kb3 68. Nf5 a2 69. Nxg7 a1Q 70. Ne6 Qf6 71. g7 Qf7 72. Kd5 Kc3 73. Ke5 Kd2 74. Kd5 Ke3 75. Ke5 Kf2 76. Kd6 Kg3 77. Kd5 Kg4 78. Ke5 Kh5 79. Kd6 Kg6 80. Ke5 Qf5+ 81. Kd6 Kf7 0-1

[Event "George Trundle Masters"]
[Site "Auckland"]
[Date "2016.07.16"]
[Round "8"]
[White "Wallis, Christopher"]
[Black "Watson, Bruce R"]
[Result "0-1"]
[WhiteElo "2351"]
[BlackElo "2237"]
[PlyCount "126"]
[EventDate "2016.07.09"]
[EventType "tourn"]
[EventRounds "9"]
[EventCountry "NZL"]
[EventCategory "3"]
[SourceTitle "EXT 2018"]
[Source "ChessBase"]
[SourceDate "2017.10.13"]
[SourceVersion "1"]
[SourceVersionDate "2017.10.13"]
[SourceQuality "1"]

1. e4 c5 2. Nf3 e6 3. g3 Nc6 4. Bg2 Nf6 5. Qe2 d6 6. 0-0 Be7 7. c3 e5 8. Rd1 0-0 9. d4 cxd4 10. cxd4 Bg4 11. dxe5 Nxe5 12. Nbd2 Qc8 13. b3 Qc2 14. Ba3 Rac8 15. h3 Bxf3 16. Bxf3 Nxf3+ 17. Qxf3 Rfe8 18. e5 dxe5 19. Rac1 Bxa3 20. Rxc2 Rxc2 21. Qd3 Rc7 22. Nc4 Rd7 23. Qe2 Rxd1+ 24. Qxd1 Bc5 25. a4 b6 26. Kg2 g6 27. Qf3 Kg7 28. Qb7 Re7 29. Qc6 Re6 30. Qb5 Ne4 31. Ne3 a5 32. Qd3 Nf6 33. Nc4 h5 34. Kf1 Ne8 35. Ke2 Nf6 36. Qc2 Nd5 37. Nxa5 Rf6 38. f3 Bd4 39. Nc4 Nc3+ 40. Ke1 Rxf3 41. Qg2 Rd3 42. Qc2 Rxg3 43. Qh2 Rd3 44. Nd2 Re3+ 45. Kf1 Re2 46. Qxe2 Nxe2 47. Kxe2 f5 48. Nf3 Kf6 49. Kd3 e4+ 50. Kxd4 exf3 51. Ke3 Ke5 52. h4 Kd5 53. b4 Kc4 54. a5 bxa5 55. bxa5 Kb5 56. Kxf3 Kxa5 57. Kf4 Kb5 58. Kg5 Kc5 59. Kxg6 f4 60. Kxh5 f3 61. Kg6 f2 62. h5 f1Q 63. h6 Qf8 0-1

[Event "George Trundle Masters"]
[Site "Auckland"]
[Date "2016.07.11"]
[Round "3"]
[White "Lane, Gary William"]
[Black "Watson, Bruce R"]
[Result "1/2-1/2"]
[WhiteElo "2375"]
[BlackElo "2237"]
[PlyCount "110"]
[EventDate "2016.07.09"]
[EventType "tourn"]
[EventRounds "9"]
[EventCountry "NZL"]
[EventCategory "3"]
[SourceTitle "EXT 2018"]
[Source "ChessBase"]
[SourceDate "2017.10.13"]
[SourceVersion "1"]
[SourceVersionDate "2017.10.13"]
[SourceQuality "1"]

1. e4 c5 2. Nf3 e6 3. d4 cxd4 4. Nxd4 Nc6 5. Nc3 Qc7 6. f4 a6 7. Nxc6 Qxc6 8. Bd3 b5 9. Qe2 Bb7 10. Bd2 Bc5 11. a3 Ne7 12. 0-0-0 Qb6 13. Kb1 Bc6 14. f5 Rb8 15. b4 Bd4 16. Na2 0-0 17. g4 exf5 18. gxf5 Rbe8 19. Rhf1 f6 20. Qh5 d5 21. Rf4 dxe4 22. Bxe4 Be3 23. Rg4 Rd8 24. Rh4 h6 25. Bd3 Bxd2 26. Rxd2 Qg1+ 27. Qd1 Qxd1+ 28. Rxd1 Nxf5 29. Rf4 Ne3 30. Rg1 g5 31. Rf2 Kg7 32. Nc3 f5 33. a4 f4 34. Kb2 Kf6 35. Kb3 Bd5+ 36. Nxd5+ Rxd5 37. axb5 axb5 38. Ra1 Ke5 39. Ra7 Rf6 40. Bh7 g4 41. Re7+ Re6 42. Rxe6+ Kxe6 43. Rxf4 Re5 44. Bg8+ Kd7 45. Rf7+ Re7 46. Rf2 h5 47. Rd2+ Kc6 48. c4 bxc4+ 49. Bxc4 Nxc4 50. Kxc4 Re4+ 51. Kc3 h4 52. Rf2 h3 53. Rf6+ Kd5 54. b5 Re3+ 55. Kb4 Re2 1/2-1/2

[Event "George Trundle Masters"]
[Site "Auckland"]
[Date "2015.10.03"]
[Round "8"]
[White "Le Roy, Brice"]
[Black "Watson, Bruce R"]
[Result "1-0"]
[WhiteElo "2260"]
[BlackElo "2232"]
[PlyCount "53"]
[EventDate "2015.09.26"]
[EventType "tourn"]
[EventRounds "9"]
[EventCountry "NZL"]
[EventCategory "2"]
[SourceTitle "EXT 2018"]
[Source "ChessBase"]
[SourceDate "2017.10.13"]
[SourceVersion "1"]
[SourceVersionDate "2017.10.13"]
[SourceQuality "1"]

1. d4 Nf6 2. c4 e6 3. Nc3 d5 4. Bg5 Nbd7 5. Nf3 c6 6. e3 Qa5 7. Nd2 Bb4 8. Qc2 e5 9. dxe5 Ne4 10. Ndxe4 dxe4 11. 0-0-0 0-0 12. Nxe4 Qxa2 13. f4 Nc5 14. Nxc5 Qa1+ 15. Qb1 Qxb1+ 16. Kxb1 Bxc5 17. e4 Bg4 18. Rd3 Be6 19. Rg3 b5 20. f5 Bxc4 21. Bh6 Bd4 22. Bxg7 Bf2 23. Rg4 h5 24. Rg5 Be3 25. Rg3 Bf2 26. Bf6+ Kh7 27. Rh3 1-0

[Event "George Trundle IM"]
[Site "Auckland"]
[Date "2013.10.06"]
[Round "9"]
[White "Watson, Bruce R"]
[Black "Hague, Ben"]
[Result "1/2-1/2"]
[WhiteElo "2275"]
[BlackElo "2308"]
[PlyCount "92"]
[EventDate "2013.09.28"]
[EventType "tourn"]
[EventRounds "9"]
[EventCountry "NZL"]
[EventCategory "2"]
[SourceTitle "EXT 2018"]
[Source "ChessBase"]
[SourceDate "2017.10.13"]
[SourceVersion "1"]
[SourceVersionDate "2017.10.13"]
[SourceQuality "1"]

1. c4 e5 2. g3 Nc6 3. Nc3 g6 4. Bg2 Bg7 5. e4 d6 6. Nge2 f5 7. d3 Nf6 8. Nd5 0-0 9. Bg5 Be6 10. exf5 Bxf5 11. 0-0 Qd7 12. Qd2 Nxd5 13. Bxd5+ Kh8 14. Bg2 Rae8 15. Rad1 e4 16. dxe4 Bxe4 17. f3 Bf5 18. Nc3 Ne5 19. b3 Bh3 20. Bh6 Bxh6 21. Qxh6 Bxg2 22. Kxg2 Qf5 23. g4 Qf7 24. Qh3 g5 25. Qg3 Qg7 26. Nd5 Ng6 27. Rde1 Nh4+ 28. Kh1 Rxe1 29. Qxe1 Nxf3 30. Qd1 Ne5 31. Nxc7 Rxf1+ 32. Qxf1 Nxg4 33. Ne6 Qe7 34. Qf5 Nh6 35. Qd5 Qf6 36. Kg2 Nf5 37. Qe4 h5 38. Qe2 Kg8 39. Nc7 Nh4+ 40. Kg1 Qd4+ 41. Kf1 Qf4+ 42. Kg1 Nf3+ 43. Kg2 Nh4+ 44. Kg1 Qd4+ 45. Kf1 Qf6+ 46. Kg1 Qd4+ 1/2-1/2

[Event "George Trundle IM"]
[Site "Auckland"]
[Date "2013.10.01"]
[Round "4"]
[White "Solomon, Stephen J"]
[Black "Watson, Bruce R"]
[Result "1-0"]
[WhiteElo "2404"]
[BlackElo "2275"]
[PlyCount "83"]
[EventDate "2013.09.28"]
[EventType "tourn"]
[EventRounds "9"]
[EventCountry "NZL"]
[EventCategory "2"]
[SourceTitle "EXT 2018"]
[Source "ChessBase"]
[SourceDate "2017.10.13"]
[SourceVersion "1"]
[SourceVersionDate "2017.10.13"]
[SourceQuality "1"]

1. e4 c6 2. d4 d5 3. Nd2 dxe4 4. Nxe4 Bf5 5. Ng3 Bg6 6. h4 h6 7. Nf3 Nd7 8. h5 Bh7 9. Bd3 Bxd3 10. Qxd3 Qc7 11. Bd2 e6 12. 0-0-0 Ngf6 13. c4 0-0-0 14. Kb1 Bd6 15. Ne4 Nxe4 16. Qxe4 Nf6 17. Qe2 Rhe8 18. Bc3 Kb8 19. a3 Ka8 20. Ne5 Rb8 21. Qf3 Rec8 22. Nd3 b5 23. c5 Bf8 24. Bd2 Rb7 25. Bxh6 Nd5 26. Bf4 Qa5 27. Bd2 Qa4 28. Nb4 Nxb4 29. axb4 Rd7 30. b3 Qa3 31. Qc3 e5 32. Bc1 Qa6 33. dxe5 Rcd8 34. Rd6 Bxd6 35. cxd6 c5 36. bxc5 Qc6 37. Re1 b4 38. Qc4 Rc8 39. f4 Qxc5 40. Qxc5 Rxc5 41. f5 Rc8 42. Bf4 1-0

[Event "George Trundle IM"]
[Site "Auckland"]
[Date "2012.10.03"]
[Round "5"]
[White "Watson, Bruce R"]
[Black "Steadman, Michael VR"]
[Result "1/2-1/2"]
[WhiteElo "2300"]
[BlackElo "2200"]
[PlyCount "73"]
[EventDate "2012.09.29"]
[EventType "tourn"]
[EventRounds "9"]
[EventCountry "NZL"]
[EventCategory "2"]
[SourceTitle "EXT 2018"]
[Source "ChessBase"]
[SourceDate "2017.10.13"]
[SourceVersion "1"]
[SourceVersionDate "2017.10.13"]
[SourceQuality "1"]

1. c4 e6 2. Nf3 Nf6 3. g3 d5 4. Bg2 Be7 5. 0-0 0-0 6. d4 Ne4 7. Nc3 f5 8. Qb3 c6 9. Nxe4 fxe4 10. Ne5 Bf6 11. Bf4 a5 12. Rad1 b5 13. cxb5 cxb5 14. Rc1 Qb6 15. Rfd1 Bd7 16. h4 Bxe5 17. Bxe5 Nc6 18. Bf4 a4 19. Qc3 b4 20. Qc5 Qxc5 21. Rxc5 Rfc8 22. f3 exf3 23. Bxf3 Ra5 24. Bd6 Rxc5 25. dxc5 Na5 26. e4 dxe4 27. Bxe4 b3 28. axb3 axb3 29. Rd3 Bc6 30. Bxc6 Rxc6 31. Rf3 h6 32. Kf2 Nc4 33. Rxb3 Nxd6 34. cxd6 Rxd6 35. Rb7 Rd5 36. Kf3 Kh7 37. b4 1/2-1/2

[Event "George Trundle IM"]
[Site "Auckland"]
[Date "2012.10.02"]
[Round "4"]
[White "Lane, Gary William"]
[Black "Watson, Bruce R"]
[Result "1-0"]
[WhiteElo "2391"]
[BlackElo "2300"]
[PlyCount "57"]
[EventDate "2012.09.29"]
[EventType "tourn"]
[EventRounds "9"]
[EventCountry "NZL"]
[EventCategory "2"]
[SourceTitle "EXT 2018"]
[Source "ChessBase"]
[SourceDate "2017.10.13"]
[SourceVersion "1"]
[SourceVersionDate "2017.10.13"]
[SourceQuality "1"]

1. e4 c5 2. Nf3 Nc6 3. d4 cxd4 4. Nxd4 e5 5. Nb5 d6 6. N1c3 a6 7. Na3 b5 8. Nd5 Nf6 9. Bg5 Qa5+ 10. Bd2 Qd8 11. c4 bxc4 12. Nxc4 Nxe4 13. Ncb6 Rb8 14. Qa4 Rxb6 15. Nxb6 Qxb6 16. Qxe4 d5 17. Qxd5 Bc5 18. Qf3 Nd4 19. Qc3 Bg4 20. Bd3 0-0 21. h3 Bh5 22. Rc1 Rc8 23. b4 Nf3+ 24. Kf1 Bf8 25. Qxc8 Nxd2+ 26. Kg1 e4 27. Bc4 e3 28. Qf5 e2 29. Qxh5 1-0

[Event "George Trundle IM"]
[Site "Auckland"]
[Date "2012.09.30"]
[Round "2"]
[White "Johansen, Darryl Keith"]
[Black "Watson, Bruce R"]
[Result "1/2-1/2"]
[WhiteElo "2446"]
[BlackElo "2300"]
[PlyCount "81"]
[EventDate "2012.09.29"]
[EventType "tourn"]
[EventRounds "9"]
[EventCountry "NZL"]
[EventCategory "2"]
[SourceTitle "EXT 2018"]
[Source "ChessBase"]
[SourceDate "2017.10.13"]
[SourceVersion "1"]
[SourceVersionDate "2017.10.13"]
[SourceQuality "1"]

1. c4 Nf6 2. Nf3 e6 3. d4 Bb4+ 4. Nbd2 b6 5. a3 Bxd2+ 6. Bxd2 Bb7 7. Bg5 d6 8. e3 Nbd7 9. Bh4 0-0 10. Be2 a5 11. b3 Qe8 12. 0-0 Ne4 13. Rc1 f5 14. Nd2 g5 15. Nxe4 Bxe4 16. Bxg5 Qg6 17. h4 h6 18. f3 hxg5 19. fxe4 gxh4 20. exf5 Rxf5 21. Rxf5 Qxf5 22. Bg4 Qg6 23. d5 Nc5 24. dxe6 Qg5 25. Rc3 Re8 26. Bh3 Nxe6 27. b4 axb4 28. axb4 Ng7 29. Qf3 Nh5 30. Qd5+ Qxd5 31. cxd5 Re4 32. Rxc7 Rxb4 33. Be6+ Kf8 34. Kf2 Ng3 35. Kf3 Ne4 36. Rf7+ Ke8 37. Rb7 Ng5+ 38. Ke2 Rb2+ 39. Kf1 Rb1+ 40. Ke2 Rb2+ 41. Kf1 1/2-1/2

[Event "George Trundle IM"]
[Site "Auckland"]
[Date "2012.09.29"]
[Round "1"]
[White "Watson, Bruce R"]
[Black "Hague, Ben"]
[Result "0-1"]
[WhiteElo "2300"]
[BlackElo "2314"]
[PlyCount "118"]
[EventDate "2012.09.29"]
[EventType "tourn"]
[EventRounds "9"]
[EventCountry "NZL"]
[EventCategory "2"]
[SourceTitle "EXT 2018"]
[Source "ChessBase"]
[SourceDate "2017.10.13"]
[SourceVersion "1"]
[SourceVersionDate "2017.10.13"]
[SourceQuality "1"]

1. c4 e5 2. Nc3 Nc6 3. Nf3 g6 4. d4 exd4 5. Nxd4 Bg7 6. Nxc6 bxc6 7. g3 Ne7 8. Bg2 0-0 9. 0-0 d6 10. Qa4 Bd7 11. Qa5 Re8 12. Rd1 Nf5 13. c5 Qc8 14. Bf4 Rb8 15. Rab1 d5 16. Qxc7 Qxc7 17. Bxc7 Rb7 18. Bf4 Nd4 19. e3 Bf5 20. Rbc1 Ne6 21. b3 Nxf4 22. gxf4 Bg4 23. Rd2 Rb4 24. Kf1 a5 25. Bxd5 Bxc3 26. Rxc3 cxd5 27. Rxd5 Bf3 28. Rd6 a4 29. Rd4 Rxd4 30. exd4 Bc6 31. bxa4 Ra8 32. Ra3 Rd8 33. a5 Rxd4 34. Ke2 Kg7 35. Ke3 Rc4 36. a6 Rxc5 37. a7 Ba8 38. Kd4 Rc2 39. Ra5 Rxf2 40. a4 Rxf4+ 41. Kc3 Rh4 42. Kb3 Rxh2 43. Rb5 h5 44. Rb8 Bd5+ 45. Kb4 h4 46. Rd8 Be4 47. Re8 Bf3 48. Re3 Rb2+ 49. Ka3 Rb7 50. a8Q Rb3+ 51. Rxb3 Bxa8 52. a5 g5 53. a6 g4 54. Rb4 f5 55. Rb7+ Kg6 56. Rb8 Bg2 57. a7 h3 58. Rb2 Kg7 59. Rf2 Ba8 0-1

[Event "George Trundle IM"]
[Site "Auckland"]
[Date "2011.07.19"]
[Round "4"]
[White "Watson, Bruce R"]
[Black "Goldenberg, Igor"]
[Result "1/2-1/2"]
[WhiteElo "2276"]
[BlackElo "2388"]
[PlyCount "35"]
[EventDate "2011.07.16"]
[EventType "tourn"]
[EventRounds "9"]
[EventCountry "NZL"]
[EventCategory "2"]
[SourceTitle "EXT 2018"]
[Source "ChessBase"]
[SourceDate "2017.10.13"]
[SourceVersion "1"]
[SourceVersionDate "2017.10.13"]
[SourceQuality "1"]

1. e4 c6 2. d4 d5 3. e5 Bf5 4. Nf3 e6 5. Be2 Ne7 6. 0-0 c5 7. dxc5 Nec6 8. Be3 Nd7 9. c4 dxc4 10. Na3 c3 11. bxc3 Bxc5 12. Bxc5 Nxc5 13. Nd4 0-0 14. Nxc6 bxc6 15. Qd4 Ne4 16. Bf3 Qxd4 17. cxd4 Rad8 18. Rfd1 1/2-1/2